LEADER 02343nam 2200421 450 001 9910494623503321 005 20191205144626.0 010 $a1-78330-425-1 035 $a(CKB)4100000009743020 035 $a(UkCbUP)CR9781783304257 035 $a(MiAaPQ)EBC6031674 035 $a(EXLCZ)994100000009743020 100 $a20200314d2019 uy 0 101 0 $aeng 135 $aur||||||||||| 181 $ctxt$2rdacontent 182 $cc$2rdamedia 183 $acr$2rdacarrier 200 10$aCopyright $einterpreting the law for libraries, archives and information services /$fGraham P. Cornish 205 $aRevised sixth edition. 210 1$aLondon :$cFacet Publishing,$d[2019] 210 4$dİ2019 215 $a1 online resource (xviii, 201 pages) $cdigital, PDF file(s) 300 $aIncludes index. 311 $a1-78330-423-5 330 $aCopyright' is the standard work in its field and is indispensable for all librarians and information professionals and who are looking for solutions to their copyright problems. The book explains the provisions of the UK Copyright Act and supporting legislation in quick and easy question-and-answer form. This revised edition is fully updated to take into account of all the changes that have come into force since the 6th edition was published in 2015. All types of material that may attract copyright are considered, including: literary, dramatic and musical works artistic works sound recordings films and video broadcast databases computer programs and websites. The text is amplified by the use of practical examples to illustrate complex points and complemented by a detailed index that enables the enquirer to pinpoint topics and proposed action quickly and accurately. The appendices provide helpful lists of addresses and selected further sources of information. This book will be invaluable for all librarians, information professionals and students who are looking for solutions to their copyright problems. 606 $aCopyright$zGreat Britain$vMiscellanea 608 $aElectronic books. 615 0$aCopyright 676 $a346.410482 700 $aCornish$b G. P.$01029474 801 0$bMiAaPQ 801 1$bMiAaPQ 801 2$bMiAaPQ 906 $aBOOK 912 $a9910494623503321 996 $aCopyright$92445925 997 $aUNINA LEADER 01784oam 2200517I 450 001 9910711812803321 005 20190215085836.0 035 $a(CKB)5470000002487958 035 $a(OCoLC)1047999814 035 $a(EXLCZ)995470000002487958 100 $a20180807d1959 ua 0 101 0 $aeng 135 $aur||||||||||| 181 $ctxt$2rdacontent 182 $cc$2rdamedia 183 $acr$2rdacarrier 200 10$aSurface water supply of the United States, 1957$hPart 2-B$iSouth Atlantic slope and eastern Gulf of Mexico basins, Ogeechee River to Pearl River /$fprepared under the direction of J.V.B. Wells 210 1$a[Washington, D.C.] :$cUnited States Department of the Interior, Geological Survey,$d1959. 215 $a1 online resource (x, 443 pages) $cillustrations, maps 225 1 $aGeological Survey water-supply paper ;$v1504 300 $a"Prepared in cooperation with the states of Alabama, Florida, Georgia, Louisiana, Mississippi, and other agencies." 300 $aIncludes index. 606 $aWater-supply$zSouth Atlantic States 606 $aWater-supply$zMexico, Gulf of 606 $aWater-supply$2fast 607 $aGulf of America$2fast 607 $aUnited States$zSouth Atlantic States$2fast 615 0$aWater-supply 615 0$aWater-supply 615 7$aWater-supply. 700 $aWells$b J. V. B.$01385991 712 02$aGeological Survey (U.S.), 712 02$aAlabama. 712 02$aFlorida. 712 02$aGeorgia. 712 02$aLouisiana. 712 02$aMississippi. 801 0$bCOP 801 1$bCOP 801 2$bOCLCO 801 2$bOCLCF 801 2$bGPO 906 $aBOOK 912 $a9910711812803321 996 $aSurface water supply of the United States, 1957$93446951 997 $aUNINA